UBT Library

Mohammed; (Record no. 44139)

000 -LEADER
fixed length control field 00595cam a22002171 4500
001 - CONTROL NUMBER
control field 9237288
005 - DATE AND TIME OF LATEST TRANSACTION
control field 20180306034844.0
008 - FIXED-LENGTH DATA ELEMENTS--GENERAL INFORMATION
fixed length control field 740429s1936 nyuh 000 0 eng
010 ## - LIBRARY OF CONGRESS CONTROL NUMBER
LC control number 36016210
035 ## - SYSTEM CONTROL NUMBER
System control number (OCoLC)871374
040 ## - CATALOGING SOURCE
Original cataloging agency DLC
Transcribing agency MH-AH
Modifying agency OCoLC
-- DLC
041 1# - LANGUAGE CODE
Language code of text/sound track or separate title engger
080 ## - UNIVERSAL DECIMAL CLASSIFICATION NUMBER
Universal Decimal Classification number 297.63
082 00 - DEWEY DECIMAL CLASSIFICATION NUMBER
Classification number 297.63 AND
-- B
100 1# - Rafti
Rafti 24
101 ## - Shkurtesa
Shkurtesa TEO
240 00 - UNIFORM TITLE
Uniform title <a href="Mohammed, sein Leben und sein Glaube. English">Mohammed, sein Leben und sein Glaube. English</a>
245 00 - TITLE STATEMENT
Title Mohammed;
Statement of responsibility, etc Translated by Theophil Menzel.
906 ## - LOCAL DATA ELEMENT F, LDF (RLIN)
a 7
b cbc
c oclcrpl
d u
e ncip
f 19
g y-gencatlg
942 ## - ADDED ENTRY ELEMENTS (KOHA)
Source of classification or shelving scheme
Item type Books
Holdings
Withdrawn status Lost status Source of classification or shelving scheme Damaged status Not for loan Collection code Permanent location Current location Shelving location Date acquired Total Checkouts Full call number Barcode Date last seen Price effective from Koha item type
          Koleksioni i përgjithshem UBT - Lipjan UBT - Lipjan Koleksioni i përgjithshem 03/06/2018   297.63 AND 002-3001297 03/06/2018 03/06/2018 Books
UBT Library © 2015-2024. All rights reserved University Education for Business and Technology